Preparation of methyl grafted natural rubber and its application in super capacitor electrolytes (Record no. 75263)

MARC details
000 -LEADER
fixed length control field 00608nam a22001937a 4500
100 ## - MAIN ENTRY--AUTHOR NAME
Personal name Rajapaksha, H.G.N.
245 ## - TITLE STATEMENT
Title Preparation of methyl grafted natural rubber and its application in super capacitor electrolytes
260 ## - PUBLICATION, DISTRIBUTION, ETC. (IMPRINT)
Name of publisher Journal of Rubber Research, 26(5): 2023. 415-424.
300 ## - PHYSICAL DESCRIPTION
Other physical details November
650 ## - SUBJECT ADDED ENTRY--TOPICAL TERM
Topical Term Solid polymer electrolytes
650 ## - SUBJECT ADDED ENTRY--TOPICAL TERM
Topical Term Super capacitors
650 ## - SUBJECT ADDED ENTRY--TOPICAL TERM
Topical Term Capacitance
700 ## - ADDED ENTRY--PERSONAL NAME
Personal name Perera, K.S.
700 ## - ADDED ENTRY--PERSONAL NAME
Personal name Vidanapathirana, K.P.
700 ## - ADDED ENTRY--PERSONAL NAME
Personal name Sadaruwani, P.M.
700 ## - ADDED ENTRY--PERSONAL NAME
Personal name Siriwardana, S.
856 ## - ELECTRONIC LOCATION AND ACCESS
Uniform Resource Identifier https://doi.org/10.1007/s42464-023-00225-3
942 ## - ADDED ENTRY ELEMENTS (KOHA)
Koha item type Journals
Holdings
Withdrawn status Lost status Damaged status Not for loan Home library Current library Date acquired Koha item type
        RRII Library RRII Library 14/05/2024 Journals